Statistics for 凌烟阁二十四功臣

Click here to take the quiz!

General Stats

  • This quiz has been taken 185 times
  • The average score is 9 of 24

Answer Stats

HintAnswer% Correct
二十四秦琼
80%
长孙无忌
79%
尉迟恭
77%
魏徵
76%
房玄龄
72%
李靖
71%
杜如晦
67%
十九程知节
45%
十七侯君集
43%
二十三李勣
31%
李孝恭
27%
十六张亮
25%
十二屈突通
23%
高士廉
22%
十四柴绍
21%
十五长孙顺德
19%
二十虞世南
19%
萧瑀
17%
十三殷开山
17%
段志玄
15%
二十二唐俭
15%
十一刘弘基
14%
十八张公谨
12%
二十一刘政会
10%

Score Distribution

Percentile by Number Answered

Percent of People with Each Score

Your Score History

You have not taken this quiz